Estudio de prefactibilidad para el ferrocarril Penshurt-Sixaola

שמור ב:
מידע ביבליוגרפי
מחבר ראשי: Gutiérrez Greñas, Rodrigo A
פורמט: לא ידוע
יצא לאור: [San José, Costa Rica] 1980
תגים: הוספת תג
אין תגיות, היה/י הראשונ/ה לתייג את הרשומה!

MARC

LEADER 00000 a2200000 4500
003 007019
005 20221231143741.0
008 140114s1980 c a m 000 ||s d
040 |c cru CEDI 
090 |a TFG 988 
100 |a Gutiérrez Greñas, Rodrigo A  |9 15979 
245 |a Estudio de prefactibilidad para el ferrocarril Penshurt-Sixaola 
260 |c 1980  |a [San José, Costa Rica] 
300 |a 78 hojas , [48]sin numerar;ilustraciones, planos  
500 |a Proyecto de graduación (ingeniero civil)--Universidad de Costa Rica. Facultad de Ingeniería. Escuela de Ingeniería Civil 
942 |c TFG 
999 |c 11255  |d 11255